=LDR 00000nam 2200000 4500 =001 INLIS000000000040736 =005 20201116111156 =035 ##$$a 0010-061300000040736 =008 201116################g##########0#ind## =041 ##$$a ind =082 ##$$a 324.2 =090 ##$$a 324, Tan g =100 1#$$a Tanjung, Akbar =245 1#$$a The Golkar way : $b Survival partai Golkar ditengah turbutensi politik era transisi /$c Akbar Tandjung =650 #4$$a Golkar - Partai Politik =850 ##$$a NBPNMAT =020 ##$$a 978-979-22-3363-6 =084 ##$$a 324.2 TAN t =260 ##$$a Jakarta :$b Gramedia Pustaka Utama,$c 2007 =300 ##$$a xxxvii, 402 hlm. ; $c 15x23 cm. =504 ##$$a Indeks : hlm. 365 - 376 =990 ##$$a 21105209 =990 ##$$a 21105208 =990 ##$$a 21105210